000 00757nmm a2200277 a 4500
003 AR-BaBNM
005 20251128203254.0
008 266019s1979 ||||||||||||||000 | spa||
040 _cAR-BaBNM
100 1 _aFast, Howard
245 1 0 _aLos inmigrantes
260 _aBogotá
_bCĂ­rculo de Lectores
_c1979
300 0 _a385 p.
500 0 _aContiene un breve comentario de la obra a cargo de Oscar Ballonga al final de la misma
650 4 _aLITERATURA ESTADOUNIDENSE
650 4 _aESCRITORES
650 4 _aCULTURA
650 4 _aLITERATURA CONTEMPORANEA
653 0 _aNARRATIVA
653 0 _aNOVELA COSTUMBRISTA
653 0 _aNOVELA SOCIAL
655 _aLITERATURA
700 1 _aMartin, Adolfo
_etraductor
942 _cBK
998 _cMARTIN
999 _c2653
_d2653